000 00299nam a22001337a 4500
008 171005b xxu||||| |||| 00| 0 eng d
020 _a9780632011469
041 _aeng
080 _a519.9
100 _a49
101 _aPSI
245 _aSELF-ASSESSMENT IN PSYCHIATRY
_cFARMER,R
942 _2udc
_cBK
999 _c31965
_d31965